Statistics for Types of Weather

Click here to take the quiz!

General Stats

  • This quiz has been taken 75 times
    (68 since last reset)
  • The average score is 5 of 18

Answer Stats

Weather% Correct
Rain
94%
Sunny
92%
Cloudy
78%
Snow
78%
Fog
45%
Partly Sunny
18%
Mostly Sunny
12%
Thunderstorms
12%
Showers
10%
Freezing Rain
8%
Mostly Cloudy
8%
Isolated Thunderstorms
4%
Rain and Wind
4%
Scattered Thunderstorms
4%
Haze
2%
Rain and Snow
2%
Scattered Showers
2%
Scattered Snow Showers
2%

Score Distribution

Percentile by Number Answered

Percent of People with Each Score

Your Score History

You have not taken this quiz since the last reset